[Event "Titled Tuesday intern op 13th Feb Early"]
[Site "Chess.com INT"]
[Date "2024.02.13"]
[Round "11"]
[White "Subramanian, Anusha"]
[Black "Fakhretdinova, Margarita"]
[Result "1-0"]
[WhiteElo "2013"]
[BlackElo "2153"]
[PlyCount "57"]
[EventDate "2024.02.13"]
[EventType "swiss (blitz)"]
[EventRounds "11"]
[EventCountry "USA"]
[SourceTitle "CB08_2024"]
[SourceDate "2024.02.21"]
[SourceVersion "1"]
[SourceVersionDate "2024.02.21"]
[SourceQuality "1"]

1. c4 Nf6 2. Nc3 e6 3. e4 Be7 4. e5 Ng8 5. d4 d6 6. f4 Nh6 7. Nf3 Nf5 8. Bd3 dxe5 9. Bxf5 exf5 10. fxe5 0-0 11. 0-0 Nc6 12. d5 Nb8 13. Kh1 Re8 14. Nd4 g6 15. Bf4 Bg5 16. Qf3 a6 17. a4 Nd7 18. e6 Nc5 19. b4 Bf6 20. Nxf5 gxf5 21. exf7+ Kxf7 22. bxc5 Bxc3 23. Qxc3 Qf6 24. Qh3 Qg6 25. Bxc7 Re2 26. Rae1 f4 27. Qf3 Rxe1 28. Qxf4+ Ke8 29. Rxe1+ 1-0

[Event "Titled Tuesday intern op 16th Jan Early"]
[Site "Chess.com INT"]
[Date "2024.01.16"]
[Round "2"]
[White "Subramanian, Anusha"]
[Black "Munoz, Francisco Javier"]
[Result "0-1"]
[WhiteElo "2013"]
[BlackElo "2389"]
[PlyCount "72"]
[EventDate "2024.01.16"]
[EventType "swiss (blitz)"]
[EventRounds "11"]
[EventCountry "USA"]
[SourceTitle "CB04_2024"]
[SourceDate "2023.10.16"]
[SourceVersion "1"]
[SourceVersionDate "2023.10.16"]
[SourceQuality "1"]

1. e4 e5 2. Nf3 Nc6 3. Bc4 Bc5 4. 0-0 Nf6 5. d3 d6 6. h3 h6 7. Be3 Bxe3 8. fxe3 Be6 9. Nbd2 Qd7 10. c3 d5 11. exd5 Nxd5 12. Bxd5 Qxd5 13. Qe2 0-0-0 14. d4 exd4 15. exd4 Rhe8 16. Qf2 Qh5 17. a4 Kb8 18. b4 Qg6 19. Nh4 Qd3 20. Rfc1 Bd5 21. Nhf3 Re2 22. Qf1 Rxd2 23. Nxd2 Qxd2 24. c4 Qxd4+ 25. Kh1 Be4 26. b5 Ne5 27. Rd1 Nd3 28. Rd2 f5 29. Rad1 b6 30. Kh2 Qe5+ 31. Kh1 Qg3 32. Qg1 Qxh3+ 33. Qh2 Qe3 34. Qg1 Qf4 35. Qh2 Qg5 36. Qg1 Rd6 0-1

[Event "Titled Tuesday intern op 16th Jan Early"]
[Site "Chess.com INT"]
[Date "2024.01.16"]
[Round "7"]
[White "Subramanian, Anusha"]
[Black "Osinovsky, Stepan"]
[Result "0-1"]
[WhiteElo "2013"]
[BlackElo "2241"]
[PlyCount "36"]
[EventDate "2024.01.16"]
[EventType "swiss (blitz)"]
[EventRounds "11"]
[EventCountry "USA"]
[SourceTitle "CB04_2024"]
[SourceDate "2023.10.16"]
[SourceVersion "1"]
[SourceVersionDate "2023.10.16"]
[SourceQuality "1"]

1. e4 e5 2. Nf3 Nc6 3. Bc4 Nf6 4. d3 Be7 5. c3 0-0 6. 0-0 d5 7. exd5 Nxd5 8. h3 Kh8 9. Re1 Qd6 10. b4 a6 11. a4 f5 12. Ba3 Nf4 13. g3 Nxh3+ 14. Kg2 f4 15. b5 Qg6 16. bxc6 Nxf2 17. Qe2 Qxg3+ 18. Kf1 Bh3# 0-1

[Event "Titled Tuesday intern op 16th Jan Early"]
[Site "Chess.com INT"]
[Date "2024.01.16"]
[Round "11"]
[White "Subramanian, Anusha"]
[Black "Vlassov, Nikolai"]
[Result "0-1"]
[WhiteElo "2013"]
[BlackElo "2299"]
[PlyCount "78"]
[EventDate "2024.01.16"]
[EventType "swiss (blitz)"]
[EventRounds "11"]
[EventCountry "USA"]
[SourceTitle "CB04_2024"]
[SourceDate "2023.10.16"]
[SourceVersion "1"]
[SourceVersionDate "2023.10.16"]
[SourceQuality "1"]

1. Nf3 g5 2. Nxg5 e5 3. Nf3 e4 4. Nd4 c5 5. Nb3 d5 6. e3 Nc6 7. d3 exd3 8. cxd3 Nf6 9. d4 c4 10. N3d2 Rg8 11. Nc3 Bg4 12. f3 Be6 13. g3 a6 14. Bg2 b5 15. a3 h5 16. Kf2 Qb6 17. h3 0-0-0 18. a4 b4 19. Ne2 Bd6 20. h4 Rg7 21. Bh3 Rdg8 22. Bxe6+ fxe6 23. Rg1 Qc7 24. Nf1 Qf7 25. Qc2 Ne4+ 26. Ke1 Qxf3 27. Nh2 Qf2+ 28. Kd1 Qxh2 29. Rf1 b3 30. Qb1 Qxe2+ 31. Kxe2 Nxg3+ 32. Ke1 Nxf1 33. Kxf1 Rg1+ 34. Kf2 R8g2+ 35. Kf3 Rg3+ 36. Kf2 Nb4 37. Qh7 Nd3+ 38. Ke2 R3g2+ 39. Kf3 Rf2# 0-1

[Event "Daventry 4NCL op-A 30th"]
[Site "Daventry"]
[Date "2023.06.17"]
[Round "2"]
[White "Sooraj, Menothuparam Raju"]
[Black "Subramanian, Anusha"]
[Result "1-0"]
[WhiteElo "1836"]
[BlackElo "1850"]
[PlyCount "93"]
[EventDate "2023.06.16"]
[EventType "swiss"]
[EventRounds "5"]
[EventCountry "ENG"]
[SourceTitle "CBM 214 Extra"]
[Source "ChessBase"]
[SourceDate "2023.07.31"]
[SourceVersion "1"]
[SourceVersionDate "2023.07.31"]
[SourceQuality "1"]

1. e4 c6 2. d4 d5 3. f3 e6 4. Nc3 Bb4 5. Bd2 dxe4 6. Nxe4 Be7 7. Be3 Nd7 8. Qd2 Ngf6 9. 0-0-0 Nxe4 10. fxe4 Nf6 11. Bd3 Ng4 12. Nf3 Nxe3 13. Qxe3 a5 14. h4 a4 15. a3 b5 16. c3 Bb7 17. Rdf1 Qa5 18. Bc2 Qc7 19. Ng5 Bxg5 20. hxg5 0-0-0 21. Rh4 Qe7 22. Rfh1 f6 23. Rxh7 Rxh7 24. Rxh7 fxg5 25. Rh5 Qf7 26. Rxg5 Qf1+ 27. Bd1 Rd7 28. Qf3 Qxf3 29. Bxf3 Kc7 30. Kd2 Rf7 31. Ke3 Kd6 32. c4 Ba6 33. Rc5 Rc7 34. e5+ Kd7 35. d5 cxd5 36. Rxc7+ Kxc7 37. cxd5 Bc8 38. Bg4 Bb7 39. Bxe6 Kd8 40. Kd4 Ke7 41. Kc5 b4 42. Kb6 bxa3 43. bxa3 Ba8 44. Ka7 Bc6 45. dxc6 Kxe6 46. c7 Kd7 47. Kb7 1-0

[Event "ENG-ch Chessable (Women)"]
[Site "Kenilworth"]
[Date "2023.05.28"]
[Round "5"]
[White "Hariharan, Shambavi"]
[Black "Subramanian, Anusha"]
[Result "1/2-1/2"]
[WhiteElo "1523"]
[BlackElo "1858"]
[PlyCount "86"]
[EventDate "2023.05.26"]
[EventType "swiss"]
[EventRounds "7"]
[EventCountry "ENG"]
[SourceTitle "CBM 214 Extra"]
[Source "ChessBase"]
[SourceDate "2023.07.31"]
[SourceVersion "1"]
[SourceVersionDate "2023.07.31"]
[SourceQuality "1"]

1. d4 d5 2. c4 e6 3. g3 Nf6 4. Bg2 c6 5. Nf3 Nbd7 6. cxd5 exd5 7. Nc3 Bd6 8. 0-0 0-0 9. Re1 Re8 10. Qc2 Nf8 11. Bg5 Ne6 12. Bxf6 Qxf6 13. Rad1 Bb4 14. a3 Bxc3 15. bxc3 Ng5 16. Nxg5 Qxg5 17. c4 dxc4 18. Qxc4 Qa5 19. Qb4 Qh5 20. Bf3 Qf5 21. d5 a5 22. Qc3 Bd7 23. dxc6 Bxc6 24. Bxc6 Qc8 25. Rc1 bxc6 26. Qxc6 Qg4 27. Qc4 Qg5 28. e3 h5 29. Qc5 Qg4 30. Rc4 Qe6 31. Rd4 g6 32. Red1 Rec8 33. Qd5 Qe7 34. Qd6 Qg5 35. Qf4 Qe7 36. Rd7 Qe6 37. R1d6 Qa2 38. Rd5 Rf8 39. a4 Rac8 40. Rd1 Rc2 41. R7d4 Qb3 42. Qf6 Qc3 43. Rd6 Qb4 1/2-1/2

[Event "ENG-ch Chessable (Women)"]
[Site "Kenilworth"]
[Date "2023.05.26"]
[Round "1"]
[White "Subramanian, Anusha"]
[Black "Gorrepati, Soumya"]
[Result "1-0"]
[WhiteElo "1858"]
[BlackElo "1612"]
[PlyCount "95"]
[EventDate "2023.05.26"]
[EventType "swiss"]
[EventRounds "7"]
[EventCountry "ENG"]
[SourceTitle "CBM 214 Extra"]
[Source "ChessBase"]
[SourceDate "2023.07.31"]
[SourceVersion "1"]
[SourceVersionDate "2023.07.31"]
[SourceQuality "1"]

1. d4 d5 2. c4 c6 3. Nf3 Nf6 4. Nc3 e6 5. e3 Bd6 6. Qc2 Nbd7 7. Bd3 e5 8. cxd5 cxd5 9. Nb5 Bb4+ 10. Bd2 Bxd2+ 11. Nxd2 0-0 12. dxe5 Nxe5 13. 0-0 Nxd3 14. Qxd3 b6 15. Nd4 a5 16. Rfd1 Ba6 17. Qf5 Rc8 18. N2f3 Qd7 19. Rac1 Rxc1 20. Rxc1 Rc8 21. Rxc8+ Qxc8 22. Qxc8+ Bxc8 23. Kf1 Ba6+ 24. Ke1 Ne4 25. Nc6 Kf8 26. Nfe5 Ke8 27. f3 Nc5 28. b4 axb4 29. Nxb4 f6 30. Nxa6 Nxa6 31. Nd3 Nc5 32. Nb4 Kd7 33. Nxd5 Kc6 34. Nc3 Nd3+ 35. Kd2 Ne5 36. f4 Nc4+ 37. Kd3 b5 38. Kd4 Nd6 39. e4 b4 40. Nd5 Kb5 41. e5 fxe5+ 42. fxe5 Ne8 43. e6 h6 44. Ke5 Ka4 45. e7 b3 46. axb3+ Kxb3 47. Ke6 Kc4 48. Kd7 1-0

[Event "Daventry 4NCL Easter op-A 3rd"]
[Site "Daventry"]
[Date "2023.04.09"]
[Round "5"]
[White "Garcia Ruiz Fuentes, Angel Marcos"]
[Black "Subramanian, Anusha"]
[Result "1-0"]
[WhiteElo "2078"]
[BlackElo "1827"]
[PlyCount "67"]
[EventDate "2023.04.07"]
[EventType "swiss"]
[EventRounds "7"]
[EventCountry "ENG"]
[SourceTitle "CBM 213 Extra"]
[Source "ChessBase"]
[SourceDate "2023.05.31"]
[SourceVersion "1"]
[SourceVersionDate "2023.05.31"]
[SourceQuality "1"]

1. d4 d5 2. c4 e6 3. Nc3 Nf6 4. cxd5 exd5 5. Bg5 c6 6. Qc2 Be6 7. e3 h6 8. Bh4 Nbd7 9. Bd3 g5 10. Bg3 Nh5 11. Nge2 Qf6 12. 0-0-0 0-0-0 13. Kb1 Nxg3 14. Nxg3 Kb8 15. Nh5 Qe7 16. f3 Nf6 17. Nxf6 Qxf6 18. Na4 h5 19. Ka1 Be7 20. Rb1 h4 21. h3 Rhe8 22. b4 Rc8 23. Nc5 Bxc5 24. bxc5 Rc7 25. Rb3 Bc8 26. Qd2 Qg7 27. Rhb1 f5 28. Ba6 Ree7 29. Ra3 Ka8 30. Bf1 Be6 31. Qa5 a6 32. Bxa6 Kb8 33. Bxb7 Rxb7 34. Qa8+ 1-0

[Event "UK-ch Blitz (Women)"]
[Site "Leamington Spa"]
[Date "2022.12.03"]
[Round "5"]
[White "Pyun, Lindsay"]
[Black "Subramanian, Anusha"]
[Result "1-0"]
[WhiteElo "1515"]
[BlackElo "1740"]
[PlyCount "105"]
[EventDate "2022.12.03"]
[EventType "tourn (blitz)"]
[EventRounds "15"]
[EventCountry "ENG"]
[SourceTitle "CBM 211 Extra"]
[Source "ChessBase"]
[SourceDate "2023.01.31"]
[SourceVersion "1"]
[SourceVersionDate "2023.01.31"]
[SourceQuality "1"]

1. e4 e6 2. d4 d5 3. exd5 exd5 4. Nf3 Nf6 5. Bd3 Bd6 6. 0-0 0-0 7. c3 h6 8. h3 c6 9. Re1 Qc7 10. Nbd2 Be6 11. Nf1 Bf4 12. Ne3 Nbd7 13. Nf5 Bxf5 14. Bxf5 Rfe8 15. Bxd7 Nxd7 16. Bxf4 Qxf4 17. Qd3 Nf6 18. Ne5 Ne4 19. Re2 Re7 20. Rae1 Rae8 21. Qf3 Qg5 22. Qg4 Qxg4 23. Nxg4 f5 24. Ne5 c5 25. Ng6 Re6 26. Nf4 R6e7 27. f3 g5 28. Nxd5 Rd7 29. fxe4 Re6 30. dxc5 fxe4 31. Ne3 Re5 32. Ng4 Re6 33. Rxe4 Rxe4 34. Rxe4 Kg7 35. Re2 Rc7 36. b4 a5 37. a3 axb4 38. cxb4 Rd7 39. Re3 h5 40. Nf2 Kf6 41. Ne4+ Kf5 42. Kf2 Kg6 43. Nd6 b6 44. Re6+ Kg7 45. cxb6 g4 46. hxg4 hxg4 47. Ke3 Kh7 48. b7 Rd8 49. Re7+ Kg6 50. Re8 Rxd6 51. b8Q Rf6 52. Qc8 Kh6 53. Qxg4 1-0